| 000 | 00512nam a22001817a 4500 | ||
|---|---|---|---|
| 008 | 230705b |||||||| |||| 00| 0 eng d | ||
| 020 | _a9788126724215 | ||
| 040 |
_aNational Science Library _cNational Science Library |
||
| 080 |
_a82-32VAJ _bQ5 |
||
| 100 | _aVajahat, Asgar | ||
| 245 | _aडेमोक्रेसिया | ||
| 246 | _aDemocresiya | ||
| 260 |
_aNew Delhi: _bRajkamal Prakashan, _c2015 |
||
| 300 | _a143p. | ||
| 365 |
_b300.00 _cINR |
||
| 650 | _aHindi literature | ||
| 942 |
_2udc _cHBK |
||
| 999 |
_c49637 _d49637 |
||